| 000 | 00545nam a2200181 i 4500 | ||
|---|---|---|---|
| 001 | 104202 | ||
| 003 | ES-MaACL | ||
| 005 | 20230906183536.0 | ||
| 007 | t| | ||
| 008 | 051125s1961 sp ||||1| spa d | ||
| 100 | 1 |
_aMialaret, Gaston. _9199893 |
|
| 245 | 1 | 0 |
_aNueva Pedagogía ciéntifica / _cGaston Mialaret; [traducción directa por A. García Burgos]. |
| 260 |
_aBarcelona : _bMiracle, _c1961. |
||
| 300 |
_a117 p. ; _c18 cm. |
||
| 700 | 1 |
_aGarcía Burgos, Amparo. _954298 |
|
| 852 |
_aES-MaACL _jC-20252 _bR.48453 |
||
| 999 |
_c104202 _d104202 |
||